| 000 -LEADER |
| fixed length control field |
00570nam a2200205Ia 4500 |
| 001 - CONTROL NUMBER |
| control field |
11901 |
| 003 - CONTROL NUMBER IDENTIFIER |
| control field |
GE_BSU |
| 008 - FIXED-LENGTH DATA ELEMENTS--GENERAL INFORMATION |
| fixed length control field |
181216s||||||||xx |||||||||||||| ||und|| |
| 040 ## - CATALOGING SOURCE |
| Transcribing agency |
GE_BSU |
| 080 ## - UNIVERSAL DECIMAL CLASSIFICATION NUMBER |
| Universal Decimal Classification number |
633.35 |
| 100 ## - MAIN ENTRY--PERSONAL NAME |
| Personal name |
Минкевич,И.А.; Борковский,В.Е. |
| 245 ## - TITLE STATEMENT |
| Title |
Масличные культуры |
| 245 ## - TITLE STATEMENT |
| Statement of responsibility, etc. |
Ред.В.Г.Дымнин.Худ.Л.С.Эрман |
| 260 ## - PUBLICATION, DISTRIBUTION, ETC. |
| Place of publication, distribution, etc. |
Москва |
| 260 ## - PUBLICATION, DISTRIBUTION, ETC. |
| Name of publisher, distributor, etc. |
Сельхозгиз |
| 260 ## - PUBLICATION, DISTRIBUTION, ETC. |
| Date of publication, distribution, etc. |
1952 |
| 300 ## - PHYSICAL DESCRIPTION |
| Extent |
579стр.23см. |
| 653 ## - INDEX TERM--UNCONTROLLED |
| Uncontrolled term |
Масличные культуры |
| 942 ## - ADDED ENTRY ELEMENTS (KOHA) |
| Koha item type |
წიგნი |